Feminism and History (Record no. 11979)

MARC details
000 -LEADER
fixed length control field 00651nam a2200253 a 4500
020 ## - INTERNATIONAL STANDARD BOOK NUMBER
ISBN 0191680
082 00 - DEWEY DECIMAL CLASSIFICATION NUMBER
Classification number 305.4
Author Cutter SCO
100 ## - MAIN ENTRY--AUTHOR NAME
Author name Scott, Joan Wallach
245 ## - TITLE STATEMENT
Title Feminism and History
260 ## - PUBLICATION, DISTRIBUTION, ETC. (IMPRINT)
Place of publication Londan
Name of publisher Oxford University Press
Year of publication 1996
300 ## - PHYSICAL DESCRIPTION
Number of Pages 611p
500 ## - GENERAL NOTE
General note includes index and biblioraphy
505 2# - FORMATTED CONTENTS NOTE
Formatted contents note Notes, Bibliography, Index
650 ## - SUBJECT ADDED ENTRY--TOPICAL TERM
Topical Term Feminism-History
650 ## - SUBJECT ADDED ENTRY--TOPICAL TERM
Topical Term Catacombs-Church
942 ## - ADDED ENTRY ELEMENTS (KOHA)
Koha item type Books
700 1# -
-- Scott, Joan Wallach
Holdings
Collection code Home library Current library Date acquired Cost, normal purchase price Full call number Accession Number Koha item type
  Henry Martyn Institute Library Henry Martyn Institute Library 03/21/2007 545.00 305.4 SCO 017291 Books
                   Copyright © 2026 | Henry Martyn Institute | Hyderabad | TS-500052 | INDIA | Implemented by hmi.edu.in
Hit-Count:

Powered by Koha